000 00998nam a22002297a 4500
005 20230824113756.0
008 230824b ||||| |||| 00| 0 eng d
020 _a 9786202127998
040 _aCO-BoUCM
_cDavid Moreno
_dDavid Moreno
041 _aspa
100 1 _aFlores Cevallos, Carlos Ernesto
_9178568
245 _aNegociaciones economicas internacionales y resolucion de conflictos :
_bPerspectivas para el siglo XXI /
_cCarlos Ernesto Flores Cevallos, Karla Lissette Flores Cevallos y Daniel Nicolas Flores Tapia
260 _aLondon, UK
_aChisinau, RM
_bEditorial academica española
_c2023
300 _a142 Paginas
650 1 7 _aComercio internacional
_911207
650 1 7 _aCooperación económica internacional
_911958
650 1 7 _aResolución de conflictos económicos
_9178569
700 1 _aFores Cevallos, Karla Lissette
_9178570
700 1 _aFores Tapia, Daniel Nicolas
_9178571
942 _2DEWEY
_a6
_cLIBRO
_e1
_h337.1
_mF634n
_n0
999 _c323070
_d323070